[Event "Spanish League 2015"]
[Site "Linares ESP"]
[Date "2015.08.20"]
[Round "6"]
[White "Harikrishna, Pentala"]
[Black "Kryvoruchko, Yuriy"]
[Result "1/2-1/2"]
[WhiteElo "2740"]
[BlackElo "2697"]
[PlyCount "87"]
[EventDate "2015.08.15"]
[WhiteTeam "Solvay"]
[BlackTeam "Merida Patrimonio Humanidad"]

1. d4 Nf6 2. Nf3 e6 3. c4 b6 4. e3 Bb7 5. Bd3 d5 6. b3 Bd6 7. O-O O-O 8. Bb2
Nbd7 9. Nc3 a6 10. Rc1 Qe7 11. Re1 Ne4 12. Qc2 f5 13. Ne2 Ndf6 14. h3 c5 15.
Ne5 Rac8 16. f3 cxd4 17. exd4 Nd7 18. Nxd7 Qxd7 19. Qd1 Ng3 20. Qd2 Rfe8 21.
cxd5 exd5 22. Nxg3 Bxg3 23. Rxc8 Bxc8 24. Rxe8+ Qxe8 25. Kf1 a5 26. Bc3 Qc6 27.
Qe2 Kf7 28. Bd2 Bc7 29. b4 axb4 30. Bxb4 Be6 31. Qd1 Bd8 32. Qc2 Qxc2 33. Bxc2
Bf6 34. Bc3 Bd7 35. Bd3 Ke6 36. Ke2 Kd6 37. f4 Kc6 38. g3 g6 39. Kd2 Kc7 40. h4
h5 41. a3 Be7 42. Bb4 Bxb4+ 43. axb4 Kd6 44. Kc3 1/2-1/2

[Event "Spanish League 2015"]
[Site "Linares ESP"]
[Date "2015.08.20"]
[Round "6"]
[White "Dominguez Perez, Leinier"]
[Black "Vazquez Igarza, Renier"]
[Result "1-0"]
[WhiteElo "2736"]
[BlackElo "2581"]
[PlyCount "165"]
[EventDate "2015.08.15"]
[WhiteTeam "Sestao Fundacion EDP"]
[BlackTeam "Ajedrez Collado Villalba"]

1. e4 e5 2. Nf3 Nf6 3. Nxe5 d6 4. Nf3 Nxe4 5. Nc3 Nxc3 6. dxc3 Be7 7. Be3 Nc6
8. Qd2 Be6 9. O-O-O Qd7 10. b3 Bf6 11. h3 h6 12. g4 O-O-O 13. Bg2 Kb8 14. Rde1
a6 15. Re2 d5 16. Nd4 Nxd4 17. Bxd4 Bxd4 18. Qxd4 g6 19. Rhe1 h5 20. f3 Qd6 21.
Re5 hxg4 22. fxg4 c6 23. Kb1 Ka8 24. Bf1 Qb8 25. Qe3 Qa7 26. Qg3 Qc5 27. Kb2
Qd6 28. Qf2 Qb8 29. Qe3 Qa7 30. Qg3 Qb8 31. Bd3 Qd6 32. Qf3 Rh6 33. Qe3 Rdh8
34. Bf1 Qb8 35. Qd4 Qa7 36. Qf4 Qb8 37. Qd4 Qa7 38. Qf4 Qb8 39. R1e3 R6h7 40.
Qd4 Qa7 41. Qf4 Qb8 42. a4 Rf8 43. Qd4 Qa7 44. Qb4 Rd8 45. Bd3 Rg7 46. h4 Rgg8
47. g5 c5 48. Qf4 c4 49. bxc4 d4 50. cxd4 Rxd4 51. R3e4 Qb6+ 52. Kc1 Rxe4 53.
Qxe4 Rc8 54. c5 Rxc5 55. Rxc5 Qxc5 56. Bxa6 Bd5 57. Qe8+ Ka7 58. Bd3 Qg1+ 59.
Kd2 Qf2+ 60. Qe2 Qxh4 61. Qe3+ Ka8 62. Qe8+ Ka7 63. Qe3+ Ka8 64. Qe5 Qf2+ 65.
Kc1 Qc5 66. Kd2 Qf2+ 67. Kc1 Qc5 68. c3 Qg1+ 69. Kd2 Qf2+ 70. Kc1 Qg1+ 71. Kb2
Qb6+ 72. Bb5 Qf2+ 73. Kc1 Qg1+ 74. Kd2 Qf2+ 75. Kd3 Qf3+ 76. Kd2 Qf2+ 77. Kd3
Qf3+ 78. Kd4 Be6 79. Kc5 Ka7 80. Kd6 Kb8 81. Ke7+ Ka7 82. Kd8 Kb6 83. Qd4+ 1-0

[Event "Spanish League 2015"]
[Site "Linares ESP"]
[Date "2015.08.20"]
[Round "6"]
[White "Arribas Lopez, Angel"]
[Black "Ponomariov, Ruslan"]
[Result "0-1"]
[WhiteElo "2559"]
[BlackElo "2711"]
[PlyCount "106"]
[EventDate "2015.08.15"]
[WhiteTeam "Ajedrez Collado Villalba"]
[BlackTeam "Sestao Fundacion EDP"]

1. e4 c5 2. Nc3 Nc6 3. f4 e6 4. Nf3 a6 5. d4 cxd4 6. Nxd4 Nxd4 7. Qxd4 b5 8.
Be2 Bb7 9. Be3 Rc8 10. a3 Nf6 11. Bf3 Rc4 12. Qd3 Qc7 13. O-O Bc5 14. Kh1 Bxe3
15. Qxe3 Qc5 16. Rae1 Qxe3 17. Rxe3 h5 18. Kg1 Ke7 19. Rd1 Rhc8 20. g3 R8c7 21.
h3 d6 22. e5 dxe5 23. fxe5 Nd5 24. Nxd5+ Bxd5 25. Bxd5 exd5 26. c3 Ke6 27. Kf2
h4 28. Rg1 hxg3+ 29. Kxg3 d4 30. cxd4 Rxd4 31. Rg2 Rd5 32. Kf3 g6 33. Rge2 Rc4
34. Kg3 Rcc5 35. Kf4 Rc1 36. Kg5 Rcc5 37. Kf4 a5 38. b3 Rc1 39. Kg5 Rcc5 40.
Kf4 Rd1 41. Kg5 Rcd5 42. Rf3 f5 43. Rc3 Rxe5 44. Rc6+ Rd6 45. Rxe5+ Kxe5 46.
Rc5+ Rd5 47. Rc8 Rd3 48. Rc5+ Ke4 49. Rxb5 f4 50. Kh4 f3 51. Kg3 Rd2 52. h4
Rg2+ 53. Kh3 Rg1 0-1

[Event "Chinese League (Division A) 2015"]
[Site "China CHN"]
[Date "2015.08.21"]
[Round "13"]
[White "Yu, Yangyi"]
[Black "Malakhov, Vladimir"]
[Result "0-1"]
[WhiteElo "2724"]
[BlackElo "2706"]
[PlyCount "100"]
[EventDate "2015.04.10"]
[WhiteTeam "Beijing"]
[BlackTeam "Tianjing"]

1. e4 e5 2. Nf3 Nc6 3. Bb5 Nf6 4. O-O Nxe4 5. d4 Nd6 6. Bxc6 dxc6 7. dxe5 Nf5
8. Qxd8+ Kxd8 9. h3 h5 10. Nc3 Ke8 11. Bf4 Be7 12. Rad1 Be6 13. Ng5 Rh6 14.
Rfe1 Bb4 15. a3 Bxc3 16. bxc3 Ne7 17. Nf3 Rh8 18. Nd4 a6 19. Bg5 c5 20. Nxe6
fxe6 21. c4 Rd8 22. Rxd8+ Kxd8 23. a4 b6 24. f4 Ke8 25. Kf2 Nc6 26. c3 g6 27.
g4 hxg4 28. h4 Rh7 29. Kg3 Na5 30. Kxg4 Nxc4 31. Bf6 Rd7 32. Kg5 Kf7 33. Kh6 b5
34. axb5 axb5 35. h5 gxh5 36. Rg1 Nb6 37. Rg7+ Kf8 38. Rg1 Nd5 39. f5 Nxf6 40.
exf6 exf5 41. Kg6 Rd3 42. Rg5 h4 43. Rh5 Rg3+ 44. Kxf5 h3 45. Rh8+ Kf7 46. Rh7+
Kg8 47. Rxc7 h2 48. Rc8+ Kh7 49. Rc7+ Kh8 50. f7 Kg7 0-1

[Event "Chinese League (Division A) 2015"]
[Site "China CHN"]
[Date "2015.08.21"]
[Round "13"]
[White "Xiu, Deshun"]
[Black "Wang, Yue"]
[Result "1/2-1/2"]
[WhiteElo "2557"]
[BlackElo "2726"]
[PlyCount "90"]
[EventDate "2015.04.10"]
[WhiteTeam "Beijing"]
[BlackTeam "Tianjing"]

1. d4 Nf6 2. c4 e6 3. Nf3 b6 4. Nc3 Bb4 5. e3 Bb7 6. Bd3 Bxc3+ 7. bxc3 d6 8.
Qc2 Bxf3 9. gxf3 Nbd7 10. Rg1 g6 11. f4 Nh5 12. Be4 Rc8 13. Bb7 Rb8 14. Bc6 a5
15. Qa4 f5 16. Ba3 Nhf6 17. O-O-O O-O 18. f3 Rf7 19. e4 Nf8 20. exf5 Nh5 21.
fxe6 Nxe6 22. f5 Rxf5 23. Qc2 Rf7 24. Rde1 Qf6 25. Kb1 Rbf8 26. Bc1 Nef4 27.
Re4 Re7 28. Rge1 Rxe4 29. fxe4 Qh4 30. Rf1 Qh3 31. Rf2 Rf6 32. Qd2 Qe6 33. Bd5
Nxd5 34. exd5 Qe4+ 35. Kb2 Rxf2 36. Qxf2 Kg7 37. Bg5 Qe8 38. Qd2 Nf6 39. Bh6+
Kf7 40. Qf2 Qe4 41. Bg5 Qf5 42. Qe3 Qd7 43. Qf4 Qf5 44. Qe3 Qd7 45. Qf4 Qf5
1/2-1/2

[Event "Chinese League (Division A) 2015"]
[Site "China CHN"]
[Date "2015.08.21"]
[Round "13"]
[White "Ni, Hua"]
[Black "Xu, Yinglun"]
[Result "1-0"]
[WhiteElo "2704"]
[BlackElo "2443"]
[PlyCount "91"]
[EventDate "2015.04.10"]
[WhiteTeam "Shanghai"]
[BlackTeam "Guangdong"]

1. e4 c5 2. Nf3 d6 3. d4 cxd4 4. Nxd4 Nf6 5. Nc3 e6 6. g4 h6 7. Rg1 Nc6 8. Be3
Be7 9. Qf3 Nxd4 10. Bxd4 e5 11. Be3 Be6 12. h4 Nh7 13. g5 hxg5 14. Bh3 Bxh3 15.
Qxh3 Nf8 16. h5 Qd7 17. Qf3 Ne6 18. O-O-O f6 19. Kb1 b6 20. Ne2 O-O-O 21. Rd3
Kb7 22. Ng3 Nf8 23. Qe2 Ne6 24. Nf5 Bf8 25. a4 Nc7 26. a5 d5 27. Rgd1 Bc5 28.
Bxc5 bxc5 29. Rc3 Qc6 30. Ne7 Qa6 31. Rb3+ Ka8 32. Qxa6 Nxa6 33. Nxd5 Nb4 34.
c3 Nxd5 35. Rxd5 Rxd5 36. exd5 Rxh5 37. a6 Rh1+ 38. Ka2 f5 39. Rb7 Rh6 40. Rxg7
Rxa6+ 41. Kb3 g4 42. Kc4 Kb8 43. Kxc5 Kc8 44. d6 e4 45. Kd5 f4 46. Rxg4 1-0

[Event "Chinese League (Division A) 2015"]
[Site "China CHN"]
[Date "2015.08.21"]
[Round "13"]
[White "Zhao, Jun"]
[Black "Wei, Yi"]
[Result "0-1"]
[WhiteElo "2621"]
[BlackElo "2706"]
[PlyCount "82"]
[EventDate "2015.04.10"]
[WhiteTeam "Shandong"]
[BlackTeam "Jiangsu"]

1. e4 c5 2. Ne2 Nc6 3. Nbc3 Nf6 4. d4 cxd4 5. Nxd4 e5 6. Ndb5 d6 7. Bg5 a6 8.
Na3 b5 9. Bxf6 gxf6 10. Nd5 f5 11. Bd3 Be6 12. O-O Bxd5 13. exd5 Ne7 14. Nxb5
Bg7 15. Nc3 e4 16. Be2 Ng6 17. Re1 O-O 18. Bf1 Re8 19. Qd2 Rb8 20. Rab1 Ne5 21.
Bxa6 Qf6 22. Be2 Bh6 23. Qd1 Rb4 24. Kh1 e3 25. f3 Kh8 26. Rg1 Ng6 27. Nb5 Rb8
28. c4 Nf4 29. b3 R8xb5 30. cxb5 Rd4 31. Qe1 Rd2 32. Bc4 Nh5 33. b6 Bf4 34. b7
Ng3+ 35. Qxg3 Bxg3 36. b8=Q+ Kg7 37. h3 Qh4 38. Rgd1 Bf4 39. Rxd2 Qg3 40. Kg1
Qh2+ 41. Kf1 Qh1+ 0-1

[Event "Spanish League 2015"]
[Site "Linares ESP"]
[Date "2015.08.21"]
[Round "7"]
[White "Cuenca Jimenez, Jose Fernando"]
[Black "Dominguez Perez, Leinier"]
[Result "0-1"]
[WhiteElo "2526"]
[BlackElo "2736"]
[PlyCount "78"]
[EventDate "2015.08.15"]
[WhiteTeam "Chess24-VTI-Atocha"]
[BlackTeam "Sestao Fundacion EDP"]

1. e4 c5 2. Nc3 d6 3. f4 g6 4. Nf3 Bg7 5. Bb5+ Bd7 6. Bc4 Nc6 7. d3 Na5 8. Bd2
e6 9. O-O Ne7 10. a3 Nxc4 11. dxc4 O-O 12. Qe2 Bc6 13. Rad1 Qc7 14. Rfe1 Rad8
15. b3 a6 16. Nb1 b6 17. Bc3 f6 18. a4 Rf7 19. Bb2 d5 20. cxd5 exd5 21. e5 d4
22. exf6 Bxf6 23. Ne5 Bxe5 24. Qxe5 Qb7 25. Qg5 Rdf8 26. c3 Nd5 27. cxd4 Rf5
28. Qg3 Nxf4 29. d5 Qf7 30. h3 Rxd5 31. Rxd5 Qxd5 32. Kh2 Qxg2+ 33. Qxg2 Nxg2
34. Re2 Nf4 35. Rd2 Re8 36. Kg3 Nd5 37. Kf2 Rf8+ 38. Kg3 Ne3 39. Rf2 Rxf2 0-1

[Event "Spanish League 2015"]
[Site "Linares ESP"]
[Date "2015.08.21"]
[Round "7"]
[White "Ponomariov, Ruslan"]
[Black "Rubio Mejia, Luis Ignacio"]
[Result "1-0"]
[WhiteElo "2711"]
[BlackElo "2458"]
[PlyCount "65"]
[EventDate "2015.08.15"]
[WhiteTeam "Sestao Fundacion EDP"]
[BlackTeam "Chess24-VTI-Atocha"]

1. d4 Nf6 2. c4 e6 3. Nf3 Bb4+ 4. Nbd2 O-O 5. a3 Be7 6. e4 d6 7. Be2 c5 8. d5
e5 9. Qc2 g6 10. Nb1 Nh5 11. Nc3 Nd7 12. Bh6 Ng7 13. g4 Nf6 14. h3 Kh8 15.
O-O-O a6 16. Be3 Rb8 17. Nd2 Ng8 18. f4 exf4 19. Bxf4 Bg5 20. Bg3 f6 21. Kb1
Bxd2 22. Qxd2 Qe7 23. Bd3 Bd7 24. Qh2 Ne8 25. g5 b5 26. gxf6 Ngxf6 27. e5 bxc4
28. exf6 Qe3 29. Bxd6 Nxd6 30. Qxd6 cxd3 31. Qxd7 Rxf6 32. Rhe1 Qf2 33. Re8+
1-0

[Event "Spanish League 2015"]
[Site "Linares ESP"]
[Date "2015.08.21"]
[Round "7"]
[White "Almagro Llamas, Pablo"]
[Black "Fressinet, Laurent"]
[Result "0-1"]
[WhiteElo "2433"]
[BlackElo "2710"]
[PlyCount "94"]
[EventDate "2015.08.15"]
[WhiteTeam "Chess24-VTI-Atocha"]
[BlackTeam "Sestao Fundacion EDP"]

1. d4 Nf6 2. Nf3 g6 3. c4 Bg7 4. Nc3 O-O 5. e4 d6 6. Be2 Na6 7. O-O e5 8. Be3
c6 9. dxe5 dxe5 10. c5 Ng4 11. Qxd8 Rxd8 12. Bg5 f6 13. Bxa6 bxa6 14. Bc1 Bf8
15. h3 Nh6 16. Bxh6 Bxh6 17. Rfd1 Be6 18. b3 a5 19. Kf1 Kf7 20. Ke2 Bf8 21. Na4
Rdb8 22. Ne1 Bc8 23. Nd3 Ba6 24. Kf3 Ke6 25. Ndb2 f5 26. Re1 Rd8 27. Rad1 Be7
28. g3 Rab8 29. Rxd8 Rxd8 30. Rd1 Rf8 31. Rd2 Bf1 32. h4 fxe4+ 33. Kxe4 Bg2+
34. Kd3 g5 35. hxg5 Bxg5 36. Rc2 e4+ 37. Kc4 Bf6 38. b4 Bf1+ 39. Kb3 axb4 40.
Rd2 Be5 41. Kxb4 e3 42. fxe3 Bxg3 43. Nd3 h5 44. Nc3 h4 45. Ne4 Kf5 46. Ndf2
Bg2 47. Nd6+ Ke5 0-1

[Event "Spanish League 2015"]
[Site "Linares ESP"]
[Date "2015.08.21"]
[Round "7"]
[White "Kryvoruchko, Yuriy"]
[Black "Rakhmanov, Aleksandr"]
[Result "1/2-1/2"]
[WhiteElo "2697"]
[BlackElo "2620"]
[PlyCount "78"]
[EventDate "2015.08.15"]
[WhiteTeam "Merida Patrimonio Humanidad"]
[BlackTeam "Escola d'escacs de Barcelona"]

1. e4 e6 2. d4 d5 3. Nc3 Nf6 4. e5 Nfd7 5. f4 c5 6. Nf3 Nc6 7. Be3 cxd4 8. Nxd4
Bc5 9. Qd2 Bxd4 10. Bxd4 Nxd4 11. Qxd4 Qb6 12. Nb5 Qxd4 13. Nxd4 Ke7 14. Bd3
Nb8 15. Kd2 Bd7 16. h4 h5 17. f5 exf5 18. Nxf5+ Bxf5 19. Bxf5 Nc6 20. Rae1 Nd4
21. Bh3 g5 22. hxg5 Rag8 23. Re3 Rxg5 24. Rd3 Nc6 25. Rxd5 Nxe5 26. Re1 Rd8 27.
Rxd8 Kxd8 28. Rf1 Ke7 29. Rf4 b6 30. b3 Ng6 31. Rd4 Nf8 32. Ra4 a5 33. Rc4 Ne6
34. Rc6 b5 35. Ra6 b4 36. Ra7+ Kf6 37. Ra6 Ke7 38. Ra7+ Kf6 39. Ra6 Ke5 1/2-1/2

[Event "Spanish League 2015"]
[Site "Linares ESP"]
[Date "2015.08.21"]
[Round "7"]
[White "Sargissian, Gabriel"]
[Black "Harikrishna, Pentala"]
[Result "0-1"]
[WhiteElo "2673"]
[BlackElo "2740"]
[PlyCount "64"]
[EventDate "2015.08.15"]
[WhiteTeam "Magic Extremadura"]
[BlackTeam "Solvay"]

1. d4 Nf6 2. c4 e6 3. Nf3 b6 4. g3 Ba6 5. Qb3 Nc6 6. Nbd2 Na5 7. Qa4 Bb7 8. Bg2
Rc8 9. c5 Nc6 10. Ne5 Nd5 11. Nd3 a5 12. O-O Ba6 13. Ne4 b5 14. Qd1 Nxd4 15.
Nf4 Nxf4 16. Bxf4 Nc6 17. Qb3 b4 18. Rfd1 Bxe2 19. Rd2 Bh5 20. g4 Bg6 21. Rad1
Nb8 22. Qe3 Be7 23. c6 d5 24. Nf6+ gxf6 25. Bxd5 e5 26. Bxf7+ Kxf7 27. Rxd8
Rhxd8 28. Qb3+ Kg7 29. Be3 Nxc6 30. Rxd8 Rxd8 31. Qe6 Bf7 32. Qf5 Nd4 0-1

[Event "Mamedyarov - Ragger (match) 2015"]
[Site "Vienna AUT"]
[Date "2015.08.21"]
[Round "4"]
[White "Ragger, Markus"]
[Black "Mamedyarov, Shakhriyar"]
[Result "1/2-1/2"]
[WhiteElo "2688"]
[BlackElo "2735"]
[PlyCount "72"]
[EventDate "2015.08.17"]

1. d4 d5 2. c4 c6 3. Nf3 Nf6 4. Nc3 e6 5. e3 a6 6. Qc2 c5 7. cxd5 exd5 8. Be2
Nc6 9. O-O cxd4 10. Nxd4 Qc7 11. Nxc6 bxc6 12. b3 Bd6 13. h3 O-O 14. Bb2 Re8
15. Rac1 Bd7 16. Rfd1 h6 17. Bf3 Rac8 18. Na4 Ne4 19. Bxe4 Rxe4 20. Nc5 Bxc5
21. Qxc5 Qb8 22. Qa5 Qb7 23. Rc5 Rce8 24. Rd4 f6 25. Qd2 Qb8 26. Ra5 Qb7 27.
Rxe4 Rxe4 28. Bd4 Bc8 29. Ra4 c5 30. Bxc5 Rxa4 31. bxa4 Bf5 32. Bd4 Qb1+ 33.
Kh2 Qb8+ 34. Kg1 Qb1+ 35. Kh2 Qb8+ 36. Kg1 Qb1+ 1/2-1/2

[Event "Chinese League (Division A) 2015"]
[Site "China CHN"]
[Date "2015.08.22"]
[Round "14"]
[White "Ma, Qun"]
[Black "Bu, Xiangzhi"]
[Result "0-1"]
[WhiteElo "2609"]
[BlackElo "2681"]
[PlyCount "172"]
[EventDate "2015.04.10"]
[WhiteTeam "Tianjing"]
[BlackTeam "Chongqing"]

1. e4 g6 2. d4 Bg7 3. Nf3 d6 4. Bc4 Nf6 5. Qe2 O-O 6. O-O Bg4 7. h3 Bxf3 8.
Qxf3 Nc6 9. c3 e5 10. Be3 Qe7 11. d5 Nb8 12. Bd3 Nbd7 13. Nd2 c6 14. c4 c5 15.
g4 h5 16. Kg2 Rfc8 17. Rg1 Nf8 18. Kh2 N8h7 19. Qe2 a6 20. a4 a5 21. Nf3 Kf8
22. g5 Nd7 23. Nh4 Ke8 24. Rae1 Kd8 25. Bd2 Kc7 26. b3 b6 27. Nf5 gxf5 28. exf5
h4 29. Rg4 Rh8 30. Reg1 Rae8 31. Be4 f6 32. g6 Ng5 33. f3 Rh5 34. Be1 Reh8 35.
Bf2 Nb8 36. Qe1 Na6 37. Qe2 Bh6 38. Be3 Nxe4 39. fxe4 Bxe3 40. Qxe3 Qg7 41. Kg2
Nb4 42. Qd2 Qh6 43. Rd1 Kd7 44. Kf2 Ke7 45. Ke2 Rg5 46. Rdg1 Qh5 47. Kf2 Rxg4
48. Rxg4 Rg8 49. Ke2 Kf8 50. Kd1 Kg7 51. Kc1 Rh8 52. Qe2 Qh6+ 53. Kb1 Na6 54.
Qf2 Nc7 55. Kc2 Ne8 56. Qe1 Qh5 57. Qg1 Qh6 58. Kd3 Nc7 59. Kc2 Na6 60. Qe1
Nb4+ 61. Kc3 Kg8 62. Qg1 Qg7 63. Qf2 Rh5 64. Qe3 Qh6 65. Qxh6 Rxh6 66. Kd2 Rh5
67. Kc3 Na6 68. Kd3 Nc7 69. Ke3 Ne8 70. Kf3 Ng7 71. Ke3 Rh8 72. Kf3 Nh5 73.
Rxh4 Nf4 74. Rxh8+ Kxh8 75. h4 Kg7 76. Kf2 Nd3+ 77. Ke2 Nc1+ 78. Kd2 Nxb3+ 79.
Kd3 Nd4 80. Ke3 Kh6 81. Kf2 Nc2 82. Ke2 Nb4 83. Kd2 Na6 84. Ke3 Nc7 85. Kd3 Ne8
86. Ke3 Kh5 0-1

[Event "Chinese League (Division A) 2015"]
[Site "China CHN"]
[Date "2015.08.22"]
[Round "14"]
[White "Wang, Yue"]
[Black "Zhou, Weiqi"]
[Result "1-0"]
[WhiteElo "2726"]
[BlackElo "2627"]
[PlyCount "83"]
[EventDate "2015.04.10"]
[WhiteTeam "Tianjing"]
[BlackTeam "Chongqing"]

1. d4 Nf6 2. c4 e6 3. Nf3 b6 4. Nc3 Bb7 5. a3 d5 6. cxd5 Nxd5 7. e3 Be7 8. Bb5+
c6 9. Bd3 Nxc3 10. bxc3 O-O 11. O-O c5 12. e4 Qc7 13. Qe2 Nd7 14. a4 Rfd8 15.
Bd2 Rac8 16. h3 e5 17. Rfc1 Bd6 18. Bc4 Rf8 19. d5 Ra8 20. Be3 Bc8 21. Nd2 Nf6
22. Bb5 Bd7 23. a5 Rfb8 24. Rcb1 bxa5 25. Bxd7 Rxb1+ 26. Rxb1 Nxd7 27. Qa6 Nb6
28. Ra1 a4 29. Nc4 Rd8 30. Nxb6 axb6 31. Rxa4 Kf8 32. Qb5 Ke7 33. Ra6 Rb8 34.
c4 Kd8 35. Bd2 Qd7 36. Rxb6 Qxb5 37. Rxb5 Rxb5 38. cxb5 Kc7 39. Ba5+ Kb7 40.
Kf1 Bc7 41. Bxc7 Kxc7 42. Ke2 1-0

[Event "Chinese League (Division A) 2015"]
[Site "China CHN"]
[Date "2015.08.22"]
[Round "14"]
[White "Wei, Yi"]
[Black "Zhou, Jianchao"]
[Result "1-0"]
[WhiteElo "2706"]
[BlackElo "2578"]
[PlyCount "87"]
[EventDate "2015.04.10"]
[WhiteTeam "Jiangsu"]
[BlackTeam "Shanghai"]

1. e4 c5 2. Nc3 d6 3. Nf3 a6 4. d4 cxd4 5. Nxd4 Nf6 6. Bg5 e6 7. f4 Nbd7 8. Qe2
Qc7 9. O-O-O b5 10. a3 Be7 11. g4 Rb8 12. Bg2 h6 13. Bh4 Bb7 14. Rhe1 Nb6 15.
Bxf6 Bxf6 16. e5 dxe5 17. Ndxb5 axb5 18. Nxb5 Qc5 19. b4 Qe7 20. Nd6+ Kf8 21.
Bxb7 exf4 22. Qf3 Nc4 23. Nxc4 Qxb7 24. Qxb7 Rxb7 25. Ne5 h5 26. Rd7 Rxd7 27.
Nxd7+ Ke7 28. Nxf6 Kxf6 29. gxh5 e5 30. b5 Kf5 31. a4 f3 32. b6 e4 33. Kd2 Kf4
34. Rb1 e3+ 35. Ke1 Rd8 36. Rb4+ Kf5 37. b7 Rd2 38. Rf4+ Kxf4 39. b8=Q+ Kf5 40.
Qc8+ Ke5 41. Qc7+ Ke4 42. Qe7+ Kd4 43. Qb4+ Kd5 44. Qb7+ 1-0

[Event "Chinese League (Division A) 2015"]
[Site "China CHN"]
[Date "2015.08.22"]
[Round "14"]
[White "Li, Shilong"]
[Black "Yu, Yangyi"]
[Result "1/2-1/2"]
[WhiteElo "2508"]
[BlackElo "2724"]
[PlyCount "92"]
[EventDate "2015.04.10"]
[WhiteTeam "Guangdong"]
[BlackTeam "Beijing"]

1. e4 c5 2. Nf3 Nc6 3. d4 cxd4 4. Nxd4 e6 5. Nc3 Qc7 6. Be3 a6 7. Be2 b5 8. a3
Bb7 9. f4 Rc8 10. O-O Bc5 11. Qd2 Qb6 12. Rfd1 Nge7 13. Kf2 Nxd4 14. Bxd4 d5
15. Bxc5 Qxc5+ 16. Kf1 O-O 17. Qd4 Qc7 18. exd5 Nxd5 19. Nxd5 Bxd5 20. Rd2 Rfd8
21. Qe3 g5 22. g3 gxf4 23. gxf4 f6 24. Kf2 Kh8 25. Rg1 Bc4 26. Rgd1 Bd5 27. Rg1
Bc4 28. Rgd1 Rxd2 29. Rxd2 Bd5 30. Bf3 Rg8 31. Bxd5 exd5 32. Re2 a5 33. Ke1 Qc4
34. b3 Qc6 35. Qd4 a4 36. bxa4 bxa4 37. f5 Rf8 38. Re6 Qxc2 39. Rxf6 Rxf6 40.
Qxf6+ Kg8 41. Qd8+ Kg7 42. Qe7+ Kh6 43. Qh4+ Kg7 44. Qe7+ Kh6 45. Qh4+ Kg7 46.
Qe7+ Kh6 1/2-1/2

[Event "Mamedyarov - Ragger (match) 2015"]
[Site "Vienna AUT"]
[Date "2015.08.22"]
[Round "5"]
[White "Mamedyarov, Shakhriyar"]
[Black "Ragger, Markus"]
[Result "0-1"]
[WhiteElo "2735"]
[BlackElo "2688"]
[PlyCount "52"]
[EventDate "2015.08.17"]

1. e4 e5 2. Nf3 Nc6 3. Bb5 a6 4. Bxc6 dxc6 5. O-O f6 6. Re1 c5 7. c3 Ne7 8. d4
cxd4 9. cxd4 Bg4 10. Nbd2 exd4 11. Qb3 b6 12. e5 Bxf3 13. Nxf3 Qd5 14. Qa4+ b5
15. Qa5 c5 16. a4 b4 17. Bf4 f5 18. e6 Ng6 19. Rac1 Nxf4 20. e7 Bxe7 21. Rxc5
Qd8 22. Rxe7+ Qxe7 23. Re5 Ne6 24. Qd5 O-O 25. Rxe6 Rad8 26. Qb3 Qb7 0-1

[Event "Chinese League (Division A) 2015"]
[Site "China CHN"]
[Date "2015.08.23"]
[Round "15"]
[White "Yu, Yangyi"]
[Black "Lin, Chen"]
[Result "1-0"]
[WhiteElo "2724"]
[BlackElo "2448"]
[PlyCount "87"]
[EventDate "2015.04.10"]
[WhiteTeam "Beijing"]
[BlackTeam "Jiangsu"]

1. Nf3 Nf6 2. c4 g6 3. Nc3 Bg7 4. e4 d6 5. d4 O-O 6. h3 c5 7. d5 e6 8. Bd3 exd5
9. exd5 Re8+ 10. Be3 Bf5 11. Bxf5 gxf5 12. O-O Ne4 13. Nxe4 fxe4 14. Nd2 Nd7
15. Qg4 Qe7 16. Qf5 Nb6 17. Rae1 Qe5 18. Qxe5 Bxe5 19. b3 f5 20. f4 Bc3 21. g4
Kf7 22. Kf2 Nd7 23. gxf5 Nf6 24. Rg1 Rg8 25. Ke2 Bd4 26. Rg5 h6 27. Rg6 Rxg6
28. fxg6+ Kxg6 29. Rg1+ Kf7 30. f5 Re8 31. Rg6 Re5 32. Rxh6 Rxf5 33. Rh4 Re5
34. Nf1 Rf5 35. Nd2 Re5 36. Rf4 Kg6 37. h4 Rf5 38. h5+ Nxh5 39. Rg4+ Kf6 40.
Nxe4+ Ke5 41. Bh6 Rf7 42. Rh4 Nf6 43. Rf4 b5 44. Nd2 1-0

[Event "Chinese League (Division A) 2015"]
[Site "China CHN"]
[Date "2015.08.23"]
[Round "15"]
[White "Zhang, Ziji"]
[Black "Wang, Yue"]
[Result "0-1"]
[WhiteElo "2223"]
[BlackElo "2726"]
[PlyCount "71"]
[EventDate "2015.04.10"]
[WhiteTeam "Heibei"]
[BlackTeam "Tianjing"]

1. d4 g6 2. c4 Bg7 3. Nc3 c5 4. Nf3 cxd4 5. Nxd4 Nc6 6. e3 Nf6 7. Be2 O-O 8.
Nc2 d6 9. O-O Bf5 10. f3 Bxc2 11. Qxc2 Rc8 12. Rd1 a6 13. c5 Ne8 14. Qb3 Qc7
15. Nd5 Qb8 16. cxd6 Nxd6 17. Bd2 e6 18. Nb6 Rcd8 19. Be1 Qc7 20. Bh4 Rb8 21.
Bg3 Rfd8 22. Nc4 Bf8 23. Rac1 Na5 24. Nxa5 Qxa5 25. Rc2 Nf5 26. Rxd8 Rxd8 27.
Bf2 b5 28. a3 h5 29. e4 Nd4 30. Bxd4 Qe1+ 31. Bf1 Rxd4 32. Qc3 Qxc3 33. bxc3
Ra4 34. Ra2 Bxa3 35. Bd3 Bc5+ 36. Kh1 0-1

[Event "Chinese League (Division A) 2015"]
[Site "China CHN"]
[Date "2015.08.23"]
[Round "15"]
[White "Bu, Xiangzhi"]
[Black "Li, Shilong"]
[Result "1/2-1/2"]
[WhiteElo "2681"]
[BlackElo "2508"]
[PlyCount "92"]
[EventDate "2015.04.10"]
[WhiteTeam "Chongqing"]
[BlackTeam "Guangdong"]

1. Nf3 Nf6 2. c4 c5 3. Nc3 Nc6 4. g3 g6 5. Bg2 Bg7 6. d4 cxd4 7. Nxd4 O-O 8.
O-O Qa5 9. Nb3 Qh5 10. c5 Rd8 11. e4 d6 12. Qxh5 Nxh5 13. cxd6 Rxd6 14. Be3 Rd8
15. Rfd1 Bg4 16. f3 Bd7 17. f4 e5 18. Nd5 Nf6 19. f5 Nxd5 20. exd5 Ne7 21. fxg6
hxg6 22. Na5 Nf5 23. Bg5 f6 24. Bd2 Nd6 25. Bb4 Bg4 26. Rdc1 Bh6 27. Rc7 Be3+
28. Kh1 Bb6 29. Re7 Bxa5 30. Bxa5 Re8 31. Rxe8+ Rxe8 32. Bc7 Nb5 33. d6 Nxc7
34. dxc7 Bc8 35. Rd1 Kf7 36. Bd5+ Ke7 37. Kg2 f5 38. Bb3 Rf8 39. Rd5 e4 40. h4
Bd7 41. Kf2 Rc8 42. Rc5 Kd6 43. Rd5+ Ke7 44. Rc5 Kd6 45. Rd5+ Ke7 46. Rc5 Kd6
1/2-1/2

[Event "Mamedyarov - Ragger (match) 2015"]
[Site "Vienna AUT"]
[Date "2015.08.23"]
[Round "6"]
[White "Ragger, Markus"]
[Black "Mamedyarov, Shakhriyar"]
[Result "1/2-1/2"]
[WhiteElo "2688"]
[BlackElo "2735"]
[PlyCount "62"]
[EventDate "2015.08.17"]

1. d4 Nf6 2. c4 e6 3. Nf3 b6 4. g3 Ba6 5. b3 Bb7 6. Bg2 Bb4+ 7. Bd2 a5 8. O-O
O-O 9. Nc3 d6 10. Qc2 Nbd7 11. Rfe1 Bxc3 12. Bxc3 Be4 13. Qb2 c6 14. Bf1 b5 15.
Nd2 b4 16. Nxe4 Nxe4 17. Bd2 Nxd2 18. Qxd2 c5 19. a3 cxd4 20. axb4 axb4 21.
Qxb4 Nc5 22. Rab1 Ra2 23. Red1 Qf6 24. Qe1 Ne4 25. Ra1 Rb2 26. Rab1 Ra2 27. Ra1
Rb2 28. Rab1 Ra2 29. Ra1 Raa8 30. Rdb1 Nc5 31. Qb4 Qd8 1/2-1/2

[Event "Abu Dhabi Open 2015"]
[Site "Abu Dhabi UAE"]
[Date "2015.08.23"]
[Round "1"]
[White "Almasi, Zoltan"]
[Black "Rohan, Ahuja"]
[Result "1-0"]
[WhiteElo "2700"]
[BlackElo "2389"]
[PlyCount "133"]
[EventDate "2015.08.23"]

1. e4 e5 2. Nf3 Nc6 3. Bb5 a6 4. Ba4 Nf6 5. O-O Be7 6. d3 b5 7. Bb3 d6 8. a4
Bd7 9. c3 O-O 10. Bc2 b4 11. Nbd2 Rb8 12. Re1 h6 13. h3 Re8 14. d4 bxc3 15.
bxc3 exd4 16. cxd4 Nb4 17. Bb1 d5 18. e5 Nh7 19. Nf1 Nf8 20. Be3 Ne6 21. Ng3 c5
22. Nf5 cxd4 23. N3xd4 Nxd4 24. Bxd4 Bxf5 25. Bxf5 Nc6 26. e6 fxe6 27. Bxe6+
Kh8 28. Rc1 Nxd4 29. Qxd4 Bf6 30. Qxd5 Qxd5 31. Bxd5 Rxe1+ 32. Rxe1 a5 33. g3
Rd8 34. Bc4 h5 35. h4 Kh7 36. Re6 Rd2 37. Be2 Kg6 38. Kf1 Ra2 39. Bb5 Kf5 40.
Bd7 Ra1+ 41. Kg2 Bd4 42. Ra6+ Ke5 43. Rxa5+ Kd6 44. Be8 Ke7 45. Bxh5 Ra2 46.
Rf5 Rxa4 47. Rf4 Rb4 48. Re4+ Kd6 49. Bf7 Kc5 50. f4 Rb2+ 51. Kh3 Rb1 52. Re6
Rh1+ 53. Kg4 Rg1 54. Rg6 Bf2 55. Kf3 Bd4 56. h5 Rh1 57. Kg4 Bf6 58. Rxf6 gxf6
59. Kf5 Rh3 60. Kxf6 Rxg3 61. h6 Rh3 62. Kg7 Kd4 63. Bg6 Ra3 64. h7 Ra7+ 65.
Bf7 Ra8 66. Bg8 Ra7+ 67. Kg6 1-0